00261nam a2200097Ia 4500008004100000082001700041100001400058245004200072260003700114300001200151161229s9999 xx 000 0 und d a338.7 MIS/FU aMishra, N aFundamentals of business organisation bAllied publishers ltdaNew Delhi axi, 604